000 00827cam a2200325 i 4500
001 33270
003 OSt
005 20140310182028.0
008 801024s1979 tnu 000 0 eng
010 _a 79118677
020 _c$7.95
_a0834004267
035 _a(OCoLC)5309584
035 _a(OCoLC)ocm05309584
035 _a(CStRLIN)NYCG19316380-B
035 _a(NNC)33270
040 _dNNC
041 1 _aenggrc
050 0 _aBS 195
_b.H7611985
082 _aHS 220
_bH74 1985
130 0 _aBible.
_pN.T.
_lEnglish.
_sNew King James.
_f1979.
_99939
245 1 4 _aHoly Bible :
_bcontaining and new testaments
260 _aNashville :
_bT. Nelson,
_cc1985.
300 _a1217 p. ;
_c22 cm.
650 _aReligion
_97084
942 _2lcc
_cHS
999 _c8515
_d8515